000 00362nam a2200145Ia 4500
008 150201s2010 xx 000 0 und d
082 _a617.7
_bO10B
100 _aBOOTRA, AJAY KUMAR
245 _aOPTICIAN,S GUIDE: CA MANUAL FOR OPTICIANS
250 _a2ND
260 _bJAYPEE
_aDELHI
_c2010
300 _a1-115
650 _aOPHTHALMOLOGY
942 _2ddc
_cBK
_01
999 _c1689
_d1689